Vista normal
Vista MARC
- Álvarez Saavedra de Guillén, Sharon Jessica
Entrada Nombre personal
Número de registros utilizados en: 1
001 - NÚMERO DE CONTROL
- campo de control: 15251
003 - IDENTIFICADOR DE NÚMERO DE CONTROL
- campo de control: gtgcusco
005 - FECHA Y HORA DE LA ÚLTIMA TRANSACCIÓN
- campo de control: 20250903150027.0
008 - ELEMENTOS DE DATO DE LONGITUD-FIJA
- campo de control de longitud fija: 250903|| aca||aabn | a|a d
040 ## - FUENTE DE CATALOGACIÓN
- Centro catalogador/agencia de origen: gtgcusco
- Centro/agencia transcriptor: gtgcusco
100 ## - ENCABEZAMIENTO-NOMBRE DE PERSONA
- Nombre de persona: Álvarez Saavedra de Guillén, Sharon Jessica
670 ## - FUENTE DE DATOS ENCONTRADOS
- Cita de la fuente: Work cat.: (gtgcusco)6543: Álvarez Saavedra de Guillén, Sharon Jessica, Evolución de las zonas roentgenoluscentes periapicales en pacientes tratados en la Facultad de Odontología de la USAC durante los años de 1986-1989., 1993

